00695cam a22002291 4500001001300000003000400013005001700017008004100034010001700075025001900092035001900111040001900130050001500149100003900164245004800203260004400251300005000295500002600345504004200371650003500413999001700448sa 65002357 DLC20260227112116.0811021s1963 ii ab b 000 0 eng  asa 65002357  aPL480:I-E-3044 a(OCoLC)7863662 aDLCcMnSUdDLC00aGB55b.P251 aParkash, Ramc(Writer on forestry)10aElementary physiography for forest rangers. aDelhi,bManager of Publications,c1963. aii, 104 p.billus., maps (on fold. l)c25 cm. aErrata slip inserted. aBibliographies included in "Preface." 0aPhysical geographyvTextbooks. c62599d62599